Regionálne rozloženie využívania štrukturálnych fondov EÚ v cestovnom ruchu diplomová práca

Guardado en:
Detalles Bibliográficos
Autor principal: Csicsóová, Tímea
Autor Corporativo: Obchodná fakulta EU. Katedra služieb a cestovného ruchu - zrušené
Otros Autores: Michálková, Anna, 1968-
Formato: Libro
Lenguaje:eslovaco
Publicado: Bratislava 2018
Etiquetas: Agregar Etiqueta
Sin Etiquetas, Sea el primero en etiquetar este registro!

MARC

LEADER 00000nbm a2200000 4500
001 0243348
005 20180904142528.4
041 0 |a slo 
044 |a SK 
245 1 0 |a Regionálne rozloženie využívania štrukturálnych fondov EÚ v cestovnom ruchu  |b diplomová práca  |c Tímea Csicsóová ; školiteľ: Anna Michálková 
264 1 |a Bratislava  |c 2018 
300 |a 93 s. 
100 1 |a Csicsóová, Tímea 
700 1 |a Michálková, Anna, 1968- 
710 2 |a Obchodná fakulta EU. Katedra služieb a cestovného ruchu - zrušené